| 000 | 01152nam a2200301 i 4500 | ||
|---|---|---|---|
| 001 | 128989 | ||
| 003 | ES-MaACL | ||
| 005 | 20250824040442.0 | ||
| 007 | t| | ||
| 008 | 070601s1972 sp ||||1| spa d | ||
| 080 | _a821.135.1-2(082.2) | ||
| 245 | 0 | 0 |
_aTeatro rumano contemporáneo / _ctraducción del rumano por Iona Gavrilescu, Ileana Georgescu y Silvia Viscan ; prólogo de Al Piru. |
| 250 | _a[1º ed.]. | ||
| 260 |
_a[Madrid] : _bAguilar, _c[1972] |
||
| 300 |
_a467 p. : _bil. ; _c20 cm. |
||
| 505 | 8 | _aContiene: Una carta perdida / Ion Luca Caragiale.-- Acto veneciano / Camil Petrescu.-- Maese Manole / Lucian Blaga.-- San Mítica Blajinu / Aurel Baranga.-- La muerte de un artista / Horia Lovinescu | |
| 650 | 1 | 7 |
_aTeatro rumano _2embne _917387 |
| 700 | 1 |
_aGavrilescu,Iona. _956094 |
|
| 700 | 1 |
_aGeorgescu, Ileana. _956394 |
|
| 700 | 1 |
_aViscan, Silvia. _9115477 |
|
| 700 | 1 |
_aCaragiale, Ion Luca. _934937 |
|
| 700 | 1 |
_aPetrescu, Camil. _991537 |
|
| 700 | 1 |
_aBlaga, Lucian. _929082 |
|
| 700 | 1 |
_aBaranga, Aurel. _925318 |
|
| 700 | 1 |
_aLovinescu, Horia. _974367 |
|
| 852 |
_aES-MaACL _jC-49284 _bR.84479 |
||
| 999 |
_c128989 _d128989 |
||